00603nam a22001817a 450000500170000001000150001702000260003203500140005803700130007208200130008510000250009824501050012326000360022827000510026430000300031550000500034570000260039520170629115345.0 aENG-119029 a9788173201424c900.00 aEN-102561 bDBAD/PUB a737.4954 aSrivastava, Prashant aGleanings in ancient Indian numismatics /cby Prashant Srivastava ; dedicated by Snehlata Srivastava aDelhibAgam Kala Prakshanc2014 a34, Central Market, Ashok ViharbDelhie110052 axii,187p.:c22cm(Hb)bill aIncludes bibliographical reference and index  aSrivastava, Snehlata